Transacciones, hipoteca, fianza comentarios a los artc̕ulos 1809 a 1910 del cd̤igo Civil

Detalles Bibliográficos
Autor principal: Vz̀quez Iruzubieta, Carlos
Formato: Desconocido
Lenguaje:español
Publicado: Barcelona : Vlex, 2009
Materias:
Acceso en línea:Acceso restringido

MARC

LEADER 00000ny a22000003n 4500
005 20110614133821.0
008 081219s2009 sp s 00 0 spa d
035 |a 4634 
040 |a BUS  |d vLex 
080 |a 347.2(460) 
090 |c 670  |d 670 
100 1 |a Vz̀quez Iruzubieta, Carlos 
245 1 0 |a Transacciones, hipoteca, fianza  |h [Recurso electrn̤ico]  |b comentarios a los artc̕ulos 1809 a 1910 del cd̤igo Civil  
256 |a Servicio en ln̕ea 
260 |a Barcelona :  |b Vlex,  |c 2009 
300 |a p. ;  |c cm 
506 1 |a Contenido solo disponible en los productos indicados  |d vLex Global  |d vLex Global (Academic Edition, excluding Law Schools)  |d vLex Global (U.S. Academic Edition, Law Schools)  |d vLex Global (U.S. Academic Edition, excluding Law Schools)  |d vLex Global (Academic Edition, Law Schools) 
650 0 7 |a Hipotecas  |2 Tesauro vLex 
650 0 7 |2 Tesauro vLex  |a Contrato de transaccin̤ 
650 0 7 |2 Tesauro vLex  |a Fianza 
740 0 |a vLex Libros (Servicios en ln̕ea) 
856 4 0 |z Acceso restringido  |u http://vlex.com/source/transacciones-hipoteca-fianza-comentarios-codigo-civil-cc-4634 
942 |c BOOK 
999 0 |a Barcelona  |b Mortgages